Loading...
| Fine Arts - Classical Music | 0 | 2 | 0 | 2 | 20 | 105 | 109.50 | 0 | 1 | 2.56 | 8.00 |
| Popular Culture | 0 | 1 | 0 | 0 | 10 | 26 | 26.00 | 1 | 1 | 12.73 | 13.33 |
| Mythology | 0 | 1 | 0 | 0 | 10 | 115 | 115.00 | 0 | 0 | 0.00 | 2.00 |
| Current Events | 0 | 1 | 0 | 0 | 10 | 79 | 79.00 | 0 | 1 | 6.71 | 15.00 |
| History - American | 0 | 1 | 0 | 1 | 10 | 101 | 101.00 | 0 | 0 | 0.10 | 2.00 |
| History - European | 0 | 1 | 0 | 0 | 10 | 92 | 92.00 | 0 | 1 | 0.98 | 4.00 |
| Literature - World | 0 | 1 | 0 | 0 | 10 | 61 | 61.00 | 0 | 1 | 4.25 | 8.00 |
| Fine Arts - Painting and Sculpture | 0 | 0 | 0 | 0 | 0 | 0.00 | 0 | 0 | 0.00 | 0.00 | |
| Literature - British | 0 | 0 | 0 | 0 | 0 | 0.00 | 0 | 0 | 0.00 | 0.00 |